Statistics for Random NBA Players

Click here to take the quiz!

General Stats

  • This quiz has been taken 163 times
  • The average score is 17 of 20

Answer Stats

Answer% Correct
Al Horford
100%
Anthony Davis
100%
Ben Simmons
100%
Bradley Beal
100%
DeMar DeRozan
100%
James Harden
100%
Ja Morant
100%
Kevin Durant
100%
Kevin Knox
100%
LeBron James
100%
Luka Doncic
100%
Nikola Jokic
100%
Russell Westbrook
100%
Shai Gilgeous-Alexander
100%
Stephen Curry
100%
Trae Young
100%
Zach Lavine
100%
Zion Williamson
100%
Joel Embiid
96%
Anthony Edwards
95%
Karl-Anthony Towns
95%
Kawhi Leonard
95%
Kyrie Irving
95%
Chris Paul
94%
Domantas Sabonis
94%
Giannis Antetokounmpo
94%
Jimmy Butler
94%
Rudy Gobert
94%
Andrew Wiggins
93%
Donovan Mitchell
93%
Khris Middleton
93%
Bam Adebayo
90%
Cole Anthony
89%
Pascal Siakam
89%
Collin Sexton
88%
Damian Lillard
88%
LaMelo Ball
88%
Paul George
88%
RJ Barrett
88%
Nikola Vucevic
84%
Jayson Tatum
83%
Kristaps Porzingis
83%
Rudy Gay
83%
John Wall
81%
Taurean Prince
81%
Devin Booker
79%
Kris Dunn
79%
Josh Okogie
75%
Buddy Hield
74%
Jerami Grant
65%
Matisse Thybulle
65%
Dante Exum
63%
Monte Morris
43%
Javonte Green
42%
Kyle Guy
33%

Score Distribution

Percentile by Number Answered

Percent of People with Each Score

Your Score History

You have not taken this quiz